| 000 | 00684nam a2200217 i 4500 | ||
|---|---|---|---|
| 001 | 21061 | ||
| 003 | ES-MaACL | ||
| 005 | 20230906152418.0 | ||
| 007 | t| | ||
| 008 | 021121s1914 fr ||||1| fre d | ||
| 100 | 1 |
_aAgathon. _918536 |
|
| 245 | 1 | 4 |
_aLes jeunes gens d'aujour d'hui ; Le gout de l'action ; La foi patriotique ; Une renaissame Catholique ; Le realisme politique / _cAgathon. |
| 250 | _a12eme ed. | ||
| 260 |
_aParis : _b[s.n.], _c1914 ( _fTyp. Plon) |
||
| 300 |
_aV, 289 p. ; _c19 cm. |
||
| 740 | 3 | _aLe gout de l'action. | |
| 740 | 3 | _aLa foi patriotique. | |
| 740 | 4 | _aUne renaissame Catholique. | |
| 740 | 3 | _aLe realisme politique. | |
| 852 |
_aES-MaACL _jD-5138 |
||
| 999 |
_c21061 _d21061 |
||